01401nam a22002057a 450000500170000000600180001700700030003500800410003802000180007905000130009710000410011024501820015126000370033330000710037050505930044165000390103465000380107370000390111170000450115020231102151614.0aado jr 001 0ta131019s2013 mx ado|| 001 0 spa d a978607150829414aH62bH471 aHernández Sampieri, Robertoeautor10aMetodología de la investigación para bachilleratob : enfoque por competenciasc / Roberto Hernández Sampieri, Nancy Elena Zapata Salazar, Christian Paulina Mnediza Torres3 aMéxicob : McGraw-Hillc, 2013 a201 páginas b: ilustraciones, fotografías, diagramas, cuadros aEl conocimiento La investigación científica La idea. El nacimiento de un proyecto de investigación Planteamiento del problema de investigación. Objetivos y preguntas de investigación, justificación y viabilidad de estudio Elaboración del marco teórico Definición del alcance de la investigación a realizar: exploratorio, descriptiva, correlacional o explicativa Formulación de hipótesis Concepción o elección del diseño de investigación Selección de la muestra Recolección de los datos Análisis de los datos Elaboración del reporte de resultados 14aCIENCIAS SOCIALESxINVESTIGACIÓN24aCIENCIAS SOCIALESxMETODOLOGÍA 12aZapata Salazar, Nancy Elenaeautor12aMendoza Torres, Christian Paulinaeautor